<?xml version="1.0" encoding="UTF-8"?>
<collection xmlns="http://www.loc.gov/MARC21/slim">
 <record>
  <leader>00685nam a22002055a 4500</leader>
  <controlfield tag="001">EHU.bham043115</controlfield>
  <controlfield tag="003">AR-BHAM</controlfield>
  <controlfield tag="005">20150310114031.0</controlfield>
  <controlfield tag="008">130507s2008##################000#0#####d</controlfield>
  <datafield tag="020" ind1=" " ind2=" ">
   <subfield code="a">9789509704268</subfield>
  </datafield>
  <datafield tag="082" ind1="8" ind2="4">
   <subfield code="a">841.9</subfield>
  </datafield>
  <datafield tag="100" ind1="1" ind2=" ">
   <subfield code="a">Jourdan, Pierre-albert</subfield>
  </datafield>
  <datafield tag="245" ind1="1" ind2="0">
   <subfield code="a">La lengua de las humaredas = la langue des fumées  /</subfield>
   <subfield code="b">trad. por julia azaretto</subfield>
   <subfield code="c"> Pierre-albert Jourdan  :</subfield>
  </datafield>
  <datafield tag="260" ind1=" " ind2=" ">
   <subfield code="a">Buenos Aires :</subfield>
   <subfield code="b">Gog y Magog,</subfield>
   <subfield code="c">2008</subfield>
  </datafield>
  <datafield tag="300" ind1=" " ind2=" ">
   <subfield code="a">56 p.</subfield>
  </datafield>
  <datafield tag="500" ind1=" " ind2=" ">
   <subfield code="a">Edición bilingüe.</subfield>
  </datafield>
  <datafield tag="653" ind1=" " ind2=" ">
   <subfield code="a">Literatura francesa-1950-1999</subfield>
  </datafield>
  <datafield tag="653" ind1=" " ind2=" ">
   <subfield code="a">Poesía francesa-1950-1999</subfield>
  </datafield>
  <datafield tag="700" ind1="1" ind2=" ">
   <subfield code="a">Azaretto, Julia, trad.</subfield>
  </datafield>
  <datafield tag="859" ind1=" " ind2=" ">
   <subfield code="a">AR-BHAM</subfield>
   <subfield code="b">BIB. HUMANIDADES - General</subfield>
   <subfield code="h">841.9</subfield>
   <subfield code="i">J825</subfield>
   <subfield code="p">590.14</subfield>
   <subfield code="t">Ej.1</subfield>
  </datafield>
 </record>
</collection>
